00954nam a2200181 i 450000100060000000300090000600500170001500700030003200800410003510000300007624502670010626000560037330000260042950502200045570000350067571000380071085200240074831991ES-MaACL20230906154504.0t|030206s1876 sp ||||1| spa d1 aSaez y Domingo, Gregorio.10aDiscursos leídos en la solemne inauguración de la Escuela Práctica de la Sociedad Histológica de Madrid b: celebrada el dia 30 de abril de 1876 en el paraninfo de la Universidad Central / cpor ... Gregorio Saez y Domingo y Andrés del Busto y López. aMadrid : b[s.n.], c1876 (fImp. de J.M. Ducazcal) aXX, 127 p. ; c21 cm.8 aContiene con port. propia: Discurso del secretario general de la sociedad D. Gregorio Saez y Domingo. Del destino de la doctrina celular en las teorías médicas reinantes : discurso / Andrés del Busto y López1 aBusto y López, Andrés del.2 aSociedad Histológica de Madrid. aES-MaACLjT-623-F-8